[Event "European Women's Championship"]
[Site "Vysoke Tatry"]
[Date "2018.04.12"]
[Round "5"]
[White "Chernyak, Viktoria"]
[Black "Klek, Hanna Marie"]
[Result "1-0"]
[Board "41"]
[WhiteElo "2196"]
[WhiteTitle "WFM"]
[WhiteCountry "RUS"]
[WhiteFideId "24165956"]
[WhiteEloChange "14"]
[BlackElo "2327"]
[BlackTitle "WGM"]
[BlackCountry "GER"]
[BlackFideId "24670057"]
[BlackEloChange "-14"]

1. d4 {[%clk 1:30:59]} d5 {[%clk 1:30:55]} 2. c4 {[%clk 1:31:25]} e6 {[%clk
1:31:21]} 3. Nf3 {[%clk 1:31:50]} Nf6 {[%clk 1:31:47]} 4. Nc3 {[%clk 1:32:15]}
Bb4 {[%clk 1:32:12]} 5. cxd5 {[%clk 1:32:39]} exd5 {[%clk 1:32:37]} 6. Bg5 {[%clk
1:32:38]} h6 {[%clk 1:33:01]} 7. Bh4 {[%clk 1:32:33]} O-O {[%clk 1:33:23]} 8. e3
{[%clk 1:33:00]} Bf5 {[%clk 1:33:47]} 9. Qb3 {[%clk 1:32:00]} Be7 {[%clk
1:32:48]} 10. Bxf6 {[%clk 1:30:24]} Bxf6 {[%clk 1:33:12]} 11. Nxd5 {[%clk
1:29:40]} c5 {[%clk 1:33:01]} 12. Nxf6+ {[%clk 1:29:35]} Qxf6 {[%clk 1:33:25]}
13. Be2 {[%clk 1:28:05]} Be4 {[%clk 1:32:38]} 14. dxc5 {[%clk 1:23:44]} Nd7
{[%clk 1:31:27]} 15. Rc1 {[%clk 1:23:20]} Rfc8 {[%clk 1:29:55]} 16. O-O {[%clk
1:15:19]} Nxc5 {[%clk 1:28:19]} 17. Qb4 {[%clk 1:13:42]} Qe7 {[%clk 1:27:20]} 18.
Rfd1 {[%clk 1:06:17]} b6 {[%clk 1:26:28]} 19. Nd4 {[%clk 1:02:58]} Qf6 {[%clk
1:20:55]} 20. h3 {[%clk 0:56:25]} Rc7 {[%clk 1:14:45]} 21. Qe1 {[%clk 0:50:58]}
a5 {[%clk 1:12:03]} 22. Nb5 {[%clk 0:47:56]} Re7 {[%clk 1:11:15]} 23. Nc3 {[%clk
0:46:08]} Bb7 {[%clk 1:09:02]} 24. Rd4 {[%clk 0:42:00]} Ne6 {[%clk 1:04:54]} 25.
Rd2 {[%clk 0:28:45]} Qg5 {[%clk 1:04:07]} 26. Qf1 {[%clk 0:28:43]} Qe5 {[%clk
0:52:44]} 27. Rcd1 {[%clk 0:28:29]} a4 {[%clk 0:52:11]} 28. a3 {[%clk 0:23:54]}
Ra5 {[%clk 0:51:43]} 29. Bc4 {[%clk 0:21:25]} Nc5 {[%clk 0:46:46]} 30. Rd6 {[%clk
0:17:00]} b5 {[%clk 0:37:27]} 31. Bxb5 {[%clk 0:15:41]} Ne4 {[%clk 0:34:15]} 32.
Rd8+ {[%clk 0:15:47]} Kh7 {[%clk 0:34:39]} 33. Bd3 {[%clk 0:15:48]} g6 {[%clk
0:35:03]} 34. Bxe4 {[%clk 0:14:23]} Bxe4 {[%clk 0:35:27]} 35. Nxe4 {[%clk
0:12:09]} Qxe4 {[%clk 0:35:51]} 36. R8d4 {[%clk 0:12:14]} Qb7 {[%clk 0:35:43]}
37. Rb4 {[%clk 0:12:37]} Qa8 {[%clk 0:35:26]} 38. Qd3 {[%clk 0:12:42]} Rg5 {[%clk
0:35:04]} 39. g3 {[%clk 0:11:59]} Rge5 {[%clk 0:29:48]} 40. Rd2 {[%clk 0:37:24]}
Qc8 {[%clk 0:59:05]} 41. Kh2 {[%clk 0:36:46]} Rh5 {[%clk 0:55:36]} 42. h4 {[%clk
0:37:01]} Qc6 {[%clk 0:52:24]} 43. Rc2 {[%clk 0:33:58]} Qa8 {[%clk 0:51:54]} 44.
Qd4 {[%clk 0:33:13]} Rd5 {[%clk 0:49:46]} 45. Rxa4 {[%clk 0:31:55]} Qd8 {[%clk
0:50:09]} 46. Qf4 {[%clk 0:30:55]} Rf5 {[%clk 0:49:10]} 47. Qc4 {[%clk 0:29:39]}
Rd7 {[%clk 0:48:00]} 48. Qc3 {[%clk 0:28:12]} Rd3 {[%clk 0:47:46]} 49. Qc6 {[%clk
0:27:56]} Rd6 {[%clk 0:45:51]} 50. Qa8 {[%clk 0:27:19]} Qd7 {[%clk 0:43:57]} 51.
Qa7 {[%clk 0:26:10]} Qb5 {[%clk 0:41:43]} 52. Rf4 {[%clk 0:22:47]} Rd1 {[%clk
0:39:59]} 53. Rc7 {[%clk 0:18:13]} Rxf4 {[%clk 0:31:37]} 54. exf4 {[%clk
0:18:09]} g5 {[%clk 0:31:45]} 55. Rxf7+ {[%clk 0:17:18]} Kg6 {[%clk 0:32:09]} 56.
Rg7+ {[%clk 0:17:48]} Kh5 {[%clk 0:32:16]} 57. Qf7+ {[%clk 0:17:48]} Kg4 {[%clk
0:32:40]} 58. Qe6+ {[%clk 0:18:14]} Kf3 {[%clk 0:32:02]} 59. Qe3+ {[%clk
0:18:37]} Kg4 {[%clk 0:32:26]} 60. f3+ {[%clk 0:18:40]} 1-0

[Event "European Women's Championship"]
[Site "Vysoke Tatry"]
[Date "2018.04.12"]
[Round "5"]
[White "Motycakova, Monika"]
[Black "Warakomska, Anna"]
[Result "0-1"]
[Board "42"]
[WhiteElo "2207"]
[WhiteTitle "WFM"]
[WhiteCountry "SVK"]
[WhiteFideId "14909626"]
[WhiteEloChange "-7"]
[BlackElo "2306"]
[BlackTitle "WIM"]
[BlackCountry "POL"]
[BlackFideId "1130790"]
[BlackEloChange "7"]

1. e4 {[%clk 1:30:57]} e5 {[%clk 1:30:49]} 2. Nf3 {[%clk 1:31:10]} Nc6 {[%clk
1:31:15]} 3. Bb5 {[%clk 1:31:35]} a6 {[%clk 1:31:41]} 4. Ba4 {[%clk 1:32:01]} Nf6
{[%clk 1:32:04]} 5. O-O {[%clk 1:32:24]} Be7 {[%clk 1:32:21]} 6. Re1 {[%clk
1:32:44]} b5 {[%clk 1:32:47]} 7. Bb3 {[%clk 1:33:11]} d6 {[%clk 1:33:10]} 8. c3
{[%clk 1:33:31]} O-O {[%clk 1:33:32]} 9. h3 {[%clk 1:33:34]} Nb8 {[%clk 1:33:43]}
10. d4 {[%clk 1:33:52]} Nbd7 {[%clk 1:34:10]} 11. Nbd2 {[%clk 1:33:50]} Bb7
{[%clk 1:34:14]} 12. a4 {[%clk 1:33:09]} exd4 {[%clk 1:10:46]} 13. cxd4 {[%clk
1:18:56]} c5 {[%clk 1:11:04]} 14. d5 {[%clk 1:09:20]} c4 {[%clk 1:00:13]} 15. Bc2
{[%clk 1:09:38]} Nc5 {[%clk 0:59:57]} 16. Nd4 {[%clk 1:03:17]} Qb6 {[%clk
0:51:13]} 17. Nf5 {[%clk 0:59:28]} Rfe8 {[%clk 0:50:20]} 18. Qf3 {[%clk 0:45:06]}
Bf8 {[%clk 0:41:27]} 19. Nh6+ {[%clk 0:37:21]} gxh6 {[%clk 0:41:45]} 20. Qxf6
{[%clk 0:37:46]} Bg7 {[%clk 0:41:54]} 21. Qh4 {[%clk 0:36:51]} Qd8 {[%clk
0:35:39]} 22. Qg3 {[%clk 0:27:41]} Bxd5 {[%clk 0:31:52]} 23. Nf3 {[%clk 0:26:18]}
Nxe4 {[%clk 0:27:08]} 24. Bxe4 {[%clk 0:26:30]} Rxe4 {[%clk 0:25:41]} 25. Rd1
{[%clk 0:20:54]} Bb7 {[%clk 0:19:02]} 26. Rxd6 {[%clk 0:15:59]} Qf8 {[%clk
0:19:22]} 27. axb5 {[%clk 0:07:14]} axb5 {[%clk 0:14:28]} 28. Rxa8 {[%clk
0:07:31]} Bxa8 {[%clk 0:14:55]} 29. Bxh6 {[%clk 0:07:42]} Re8 {[%clk 0:14:47]}
30. Nd4 {[%clk 0:06:59]} Re1+ {[%clk 0:14:50]} 31. Kh2 {[%clk 0:07:22]} Qxd6
{[%clk 0:14:50]} 32. Qxd6 {[%clk 0:03:49]} Be5+ {[%clk 0:15:16]} 33. Qxe5 {[%clk
0:03:30]} Rxe5 {[%clk 0:15:42]} 34. Be3 {[%clk 0:01:25]} b4 {[%clk 0:14:23]} 35.
Kg3 {[%clk 0:00:42]} Ra5 {[%clk 0:13:46]} 36. Nc2 {[%clk 0:00:50]} b3 {[%clk
0:13:01]} 37. Nd4 {[%clk 0:00:43]} c3 {[%clk 0:12:42]} 38. Nxb3 {[%clk 0:00:59]}
cxb2 {[%clk 0:12:48]} 0-1

[Event "European Women's Championship"]
[Site "Vysoke Tatry"]
[Date "2018.04.12"]
[Round "5"]
[White "Doluhanova, Evgeniya"]
[Black "Antolak, Julia"]
[Result "1-0"]
[Board "43"]
[WhiteElo "2304"]
[WhiteTitle "WGM"]
[WhiteCountry "UKR"]
[WhiteFideId "14112035"]
[WhiteEloChange "7"]
[BlackElo "2212"]
[BlackTitle "WFM"]
[BlackCountry "POL"]
[BlackFideId "1159569"]
[BlackEloChange "-7"]

1. d4 {[%clk 1:30:53]} Nf6 {[%clk 1:30:51]} 2. Bf4 {[%clk 1:31:09]} e6 {[%clk
1:31:00]} 3. e3 {[%clk 1:31:33]} d5 {[%clk 1:31:21]} 4. Nf3 {[%clk 1:30:56]} Bd6
{[%clk 1:31:16]} 5. Ne5 {[%clk 1:29:41]} O-O {[%clk 1:27:58]} 6. Bd3 {[%clk
1:28:13]} Nc6 {[%clk 1:12:07]} 7. Nd2 {[%clk 1:22:39]} Nb4 {[%clk 1:04:38]} 8.
Be2 {[%clk 1:20:39]} Nd7 {[%clk 1:03:13]} 9. c3 {[%clk 1:08:01]} Nc6 {[%clk
1:01:06]} 10. Ndf3 {[%clk 0:58:27]} Qe7 {[%clk 0:50:49]} 11. Bb5 {[%clk 0:47:30]}
Ncb8 {[%clk 0:47:32]} 12. Bd3 {[%clk 0:42:49]} f6 {[%clk 0:40:32]} 13. Qc2 {[%clk
0:39:37]} f5 {[%clk 0:33:39]} 14. g4 {[%clk 0:31:45]} c5 {[%clk 0:29:33]} 15.
gxf5 {[%clk 0:26:02]} c4 {[%clk 0:27:39]} 16. Be2 {[%clk 0:24:57]} exf5 {[%clk
0:26:56]} 17. Rg1 {[%clk 0:23:10]} Kh8 {[%clk 0:25:48]} 18. O-O-O {[%clk
0:13:22]} Nc6 {[%clk 0:25:19]} 19. Rg3 {[%clk 0:10:12]} Ndxe5 {[%clk 0:20:10]}
20. dxe5 {[%clk 0:10:03]} Nxe5 {[%clk 0:16:19]} 21. Rxd5 {[%clk 0:07:34]} Nf7
{[%clk 0:15:01]} 22. Nd4 {[%clk 0:03:24]} Bxf4 {[%clk 0:12:17]} 23. exf4 {[%clk
0:03:50]} Qc7 {[%clk 0:11:59]} 24. Qd2 {[%clk 0:04:07]} Nd6 {[%clk 0:09:10]} 25.
f3 {[%clk 0:03:58]} a6 {[%clk 0:09:04]} 26. Qe3 {[%clk 0:03:23]} Bd7 {[%clk
0:05:42]} 27. Qe7 {[%clk 0:03:00]} Nf7 {[%clk 0:04:56]} 28. Rxd7 {[%clk 0:01:47]}
Qxf4+ {[%clk 0:05:20]} 29. Kc2 {[%clk 0:01:58]} Rae8 {[%clk 0:04:51]} 30. Qc5
{[%clk 0:02:12]} Ne5 {[%clk 0:04:05]} 31. Qc7 {[%clk 0:02:17]} Rc8 {[%clk
0:02:57]} 32. Qd6 {[%clk 0:02:35]} Qe3 {[%clk 0:01:51]} 33. Re7 {[%clk 0:02:26]}
Rce8 {[%clk 0:01:27]} 34. Rgxg7 {[%clk 0:01:56]} 1-0

[Event "European Women's Championship"]
[Site "Vysoke Tatry"]
[Date "2018.04.12"]
[Round "5"]
[White "Nemcova, Karin"]
[Black "Gvanceladze, Anna"]
[Result "1/2-1/2"]
[Board "44"]
[WhiteElo "1992"]
[WhiteCountry "CZE"]
[WhiteFideId "360821"]
[WhiteEloChange "7"]
[BlackElo "2302"]
[BlackTitle "WFM"]
[BlackCountry "RUS"]
[BlackFideId "4113721"]
[BlackEloChange "-7"]

1. e4 {[%clk 1:30:57]} c6 {[%clk 1:30:56]} 2. d4 {[%clk 1:31:03]} d5 {[%clk
1:31:22]} 3. Nd2 {[%clk 1:31:05]} dxe4 {[%clk 1:31:47]} 4. Nxe4 {[%clk 1:31:24]}
Bf5 {[%clk 1:32:13]} 5. Bd3 {[%clk 1:31:17]} e6 {[%clk 1:31:35]} 6. Nf3 {[%clk
1:31:32]} Nd7 {[%clk 1:23:27]} 7. O-O {[%clk 1:30:50]} Ngf6 {[%clk 1:22:02]} 8.
Nxf6+ {[%clk 1:28:29]} Qxf6 {[%clk 1:20:42]} 9. Bg5 {[%clk 1:21:53]} Qg6 {[%clk
1:20:04]} 10. Bxf5 {[%clk 1:21:50]} Qxf5 {[%clk 1:20:27]} 11. c4 {[%clk 1:21:55]}
Bd6 {[%clk 1:18:34]} 12. Qb3 {[%clk 1:19:08]} Rb8 {[%clk 1:14:45]} 13. Rad1
{[%clk 1:17:19]} O-O {[%clk 1:14:58]} 14. Qd3 {[%clk 1:15:34]} Qxd3 {[%clk
1:10:53]} 15. Rxd3 {[%clk 1:15:19]} b5 {[%clk 1:10:30]} 16. b3 {[%clk 1:11:32]}
bxc4 {[%clk 1:09:53]} 17. bxc4 {[%clk 1:12:00]} Rb2 {[%clk 1:09:42]} 18. c5
{[%clk 1:03:52]} Bc7 {[%clk 1:08:59]} 19. Ra3 {[%clk 1:01:39]} a5 {[%clk
1:07:23]} 20. Nd2 {[%clk 0:56:27]} Rb4 {[%clk 0:56:07]} 21. Be3 {[%clk 0:44:00]}
Nf6 {[%clk 0:46:16]} 22. Rb3 {[%clk 0:40:37]} Nd5 {[%clk 0:45:47]} 23. Rfb1
{[%clk 0:39:24]} Rd8 {[%clk 0:39:53]} 24. Rxb4 {[%clk 0:33:44]} axb4 {[%clk
0:40:07]} 25. Nc4 {[%clk 0:33:04]} Ra8 {[%clk 0:37:33]} 26. Rb2 {[%clk 0:29:30]}
Ra4 {[%clk 0:37:13]} 27. g3 {[%clk 0:23:20]} f6 {[%clk 0:29:47]} 28. Kg2 {[%clk
0:17:11]} Kf7 {[%clk 0:24:58]} 29. Bd2 {[%clk 0:16:36]} Ke7 {[%clk 0:23:56]} 30.
Ne3 {[%clk 0:15:55]} Nc3 {[%clk 0:23:06]} 31. Nc2 {[%clk 0:12:24]} Nd1 {[%clk
0:15:55]} 32. Rb1 {[%clk 0:10:28]} Rxa2 {[%clk 0:15:09]} 33. Rxd1 {[%clk
0:10:21]} Rxc2 {[%clk 0:15:35]} 34. Bxb4 {[%clk 0:10:42]} Rc4 {[%clk 0:14:01]}
35. Ba3 {[%clk 0:11:01]} Ba5 {[%clk 0:13:45]} 36. Bb2 {[%clk 0:10:45]} Rc2 {[%clk
0:12:14]} 37. Bc1 {[%clk 0:09:12]} Bc7 {[%clk 0:04:48]} 38. Be3 {[%clk 0:09:05]}
e5 {[%clk 0:04:57]} 39. Ra1 {[%clk 0:07:09]} Bb8 {[%clk 0:02:46]} 40. dxe5 {[%clk
0:34:27]} fxe5 {[%clk 0:33:14]} 41. Rb1 {[%clk 0:29:54]} Bc7 {[%clk 0:33:37]} 42.
Rb7 {[%clk 0:30:05]} Kd7 {[%clk 0:33:42]} 43. Ra7 {[%clk 0:30:11]} Rb2 {[%clk
0:34:01]} 44. Kf3 {[%clk 0:28:59]} Rb4 {[%clk 0:32:41]} 45. Bd2 {[%clk 0:24:13]}
Rb5 {[%clk 0:31:57]} 46. Be3 {[%clk 0:24:27]} Kc8 {[%clk 0:32:11]} 47. Ke4 {[%clk
0:23:19]} Kb8 {[%clk 0:32:12]} 48. Ra4 {[%clk 0:23:32]} g6 {[%clk 0:31:17]} 49.
Rc4 {[%clk 0:21:34]} Kc8 {[%clk 0:31:38]} 50. f4 {[%clk 0:18:29]} exf4 {[%clk
0:31:49]} 51. Bxf4 {[%clk 0:18:53]} Bxf4 {[%clk 0:31:48]} 52. Kxf4 {[%clk
0:19:13]} Kd7 {[%clk 0:32:14]} 53. Ke5 {[%clk 0:16:14]} Ke7 {[%clk 0:32:39]} 54.
Rc2 {[%clk 0:16:16]} Rb1 {[%clk 0:31:57]} 55. Re2 {[%clk 0:14:11]} Rd1 {[%clk
0:32:09]} 56. Ra2 {[%clk 0:11:19]} Rd5+ {[%clk 0:29:42]} 57. Ke4 {[%clk 0:11:41]}
Kf6 {[%clk 0:29:28]} 58. Rc2 {[%clk 0:10:29]} Kg5 {[%clk 0:29:27]} 59. h3 {[%clk
0:10:02]} h5 {[%clk 0:25:51]} 60. Rc3 {[%clk 0:09:21]} Kf6 {[%clk 0:24:00]} 61.
Rf3+ {[%clk 0:06:19]} Ke6 {[%clk 0:24:22]} 62. Rc3 {[%clk 0:06:44]} Rd1 {[%clk
0:18:08]} 63. Kf4 {[%clk 0:06:46]} Kf6 {[%clk 0:18:22]} 64. Ke4 {[%clk 0:06:27]}
Rh1 {[%clk 0:14:50]} 65. h4 {[%clk 0:05:26]} Re1+ {[%clk 0:14:15]} 66. Kf4 {[%clk
0:05:12]} Re5 {[%clk 0:11:17]} 67. Rc4 {[%clk 0:05:37]} g5+ {[%clk 0:09:35]} 68.
hxg5+ {[%clk 0:04:32]} Rxg5 {[%clk 0:10:04]} 69. Kf3 {[%clk 0:03:26]} Ke5 {[%clk
0:10:09]} 70. Rh4 {[%clk 0:03:26]} Kd5 {[%clk 0:09:29]} 71. Kf4 {[%clk 0:03:09]}
Re5 {[%clk 0:09:49]} 72. Rh1 {[%clk 0:03:29]} Re4+ {[%clk 0:08:50]} 73. Kf5
{[%clk 0:03:42]} Re5+ {[%clk 0:08:53]} 74. Kf4 {[%clk 0:04:08]} Ke6 {[%clk
0:08:52]} 75. g4 {[%clk 0:03:55]} Rxc5 {[%clk 0:07:49]} 76. gxh5 {[%clk 0:04:08]}
Kf7 {[%clk 0:08:15]} 77. h6 {[%clk 0:04:05]} Kg8 {[%clk 0:08:41]} 78. h7+ {[%clk
0:04:19]} Kh8 {[%clk 0:09:08]} 79. Ke4 {[%clk 0:04:41]} Rd5 {[%clk 0:09:34]}
1/2-1/2

[Event "European Women's Championship"]
[Site "Vysoke Tatry"]
[Date "2018.04.12"]
[Round "5"]
[White "Eric, Jovana"]
[Black "Zherebtsova, Alexandra"]
[Result "1-0"]
[Board "45"]
[WhiteElo "2300"]
[WhiteTitle "WIM"]
[WhiteCountry "SRB"]
[WhiteFideId "938238"]
[WhiteEloChange "7"]
[BlackElo "2202"]
[BlackTitle "WFM"]
[BlackCountry "RUS"]
[BlackFideId "24129518"]
[BlackEloChange "-7"]

1. e4 {[%clk 1:30:30]} e5 {[%clk 1:30:56]} 2. Nf3 {[%clk 1:31:21]} Nc6 {[%clk
1:31:23]} 3. Bc4 {[%clk 1:31:43]} Bc5 {[%clk 1:31:39]} 4. d3 {[%clk 1:31:45]} Nf6
{[%clk 1:31:21]} 5. Bb3 {[%clk 1:31:45]} d6 {[%clk 1:29:55]} 6. c3 {[%clk
1:31:52]} a6 {[%clk 1:28:39]} 7. O-O {[%clk 1:31:07]} Ba7 {[%clk 1:27:53]} 8.
Nbd2 {[%clk 1:30:39]} O-O {[%clk 1:24:49]} 9. h3 {[%clk 1:29:24]} Be6 {[%clk
1:21:24]} 10. Re1 {[%clk 1:26:56]} h6 {[%clk 1:15:36]} 11. Nf1 {[%clk 1:24:59]}
Re8 {[%clk 1:07:36]} 12. Bc2 {[%clk 1:20:31]} d5 {[%clk 1:00:37]} 13. Bd2 {[%clk
1:15:54]} Qd6 {[%clk 0:50:25]} 14. N3h2 {[%clk 1:08:30]} Rad8 {[%clk 0:45:36]}
15. Qf3 {[%clk 1:07:28]} Nh7 {[%clk 0:35:19]} 16. Qg3 {[%clk 1:03:19]} Kh8 {[%clk
0:34:11]} 17. Ng4 {[%clk 0:52:55]} f5 {[%clk 0:27:21]} 18. exf5 {[%clk 0:52:44]}
Bxf5 {[%clk 0:27:44]} 19. Nfe3 {[%clk 0:49:07]} Be6 {[%clk 0:23:10]} 20. Rad1
{[%clk 0:42:30]} Ng5 {[%clk 0:15:29]} 21. h4 {[%clk 0:37:33]} Nf7 {[%clk
0:15:53]} 22. Bc1 {[%clk 0:34:24]} Qd7 {[%clk 0:14:50]} 23. Nh2 {[%clk 0:27:17]}
Bc5 {[%clk 0:12:21]} 24. d4 {[%clk 0:21:52]} Bd6 {[%clk 0:09:28]} 25. Qg6 {[%clk
0:21:19]} e4 {[%clk 0:09:23]} 26. c4 {[%clk 0:21:24]} Ne7 {[%clk 0:09:23]} 27.
Qh5 {[%clk 0:21:38]} c6 {[%clk 0:07:29]} 28. Nhf1 {[%clk 0:18:20]} Bb8 {[%clk
0:07:01]} 29. Ng3 {[%clk 0:17:22]} Nd6 {[%clk 0:03:27]} 30. cxd5 {[%clk 0:16:16]}
cxd5 {[%clk 0:03:44]} 31. Bb3 {[%clk 0:15:05]} Ndf5 {[%clk 0:03:26]} 32. Ngxf5
{[%clk 0:13:09]} Nxf5 {[%clk 0:03:46]} 33. Bxd5 {[%clk 0:10:54]} Bxd5 {[%clk
0:02:56]} 34. Qxf5 {[%clk 0:09:22]} Bxa2 {[%clk 0:01:13]} 35. Qg6 {[%clk
0:07:08]} Bf7 {[%clk 0:01:25]} 36. Qb6 {[%clk 0:06:27]} Bh5 {[%clk 0:00:52]} 37.
Rd2 {[%clk 0:06:23]} Qf7 {[%clk 0:00:58]} 38. d5 {[%clk 0:05:03]} Rd6 {[%clk
0:01:01]} 39. Qb4 {[%clk 0:04:27]} Qf6 {[%clk 0:00:38]} 40. Qc3 {[%clk 0:32:20]}
Qf4 {[%clk 0:30:39]} 41. g3 {[%clk 0:30:58]} Qf7 {[%clk 0:26:46]} 42. b3 {[%clk
0:28:09]} Bf3 {[%clk 0:22:26]} 43. Ba3 {[%clk 0:27:15]} Rg6 {[%clk 0:17:09]} 44.
d6 {[%clk 0:27:00]} Rd8 {[%clk 0:14:04]} 45. Qa5 {[%clk 0:22:20]} Rd7 {[%clk
0:10:49]} 46. Qd5 {[%clk 0:16:47]} Qf6 {[%clk 0:07:48]} 47. Rc1 {[%clk 0:10:06]}
Rd8 {[%clk 0:08:05]} 48. Qf5 {[%clk 0:07:52]} Qxh4 {[%clk 0:04:28]} 49. Ng2
{[%clk 0:08:18]} Qg4 {[%clk 0:03:55]} 50. Qxg4 {[%clk 0:07:36]} Bxg4 {[%clk
0:04:20]} 51. Ne3 {[%clk 0:07:35]} Bd7 {[%clk 0:03:22]} 52. Nc4 {[%clk 0:07:31]}
Re6 {[%clk 0:02:58]} 53. Na5 {[%clk 0:07:23]} Ba7 {[%clk 0:00:38]} 54. Bc5 {[%clk
0:05:33]} b6 {[%clk 0:00:53]} 55. Be3 {[%clk 0:05:39]} Bb5 {[%clk 0:00:39]} 56.
Nc6 {[%clk 0:04:05]} Rd7 {[%clk 0:00:35]} 57. Nxa7 {[%clk 0:04:11]} Rxa7 {[%clk
0:01:02]} 58. Rc7 {[%clk 0:03:55]} Ra8 {[%clk 0:00:47]} 59. d7 {[%clk 0:04:06]}
1-0

[Event "European Women's Championship"]
[Site "Vysoke Tatry"]
[Date "2018.04.12"]
[Round "5"]
[White "Chan, Naruna"]
[Black "Ozturk, Kubra"]
[Result "0-1"]
[Board "46"]
[WhiteElo "1909"]
[WhiteCountry "RUS"]
[WhiteFideId "24124290"]
[WhiteEloChange "-2"]
[BlackElo "2295"]
[BlackTitle "WGM"]
[BlackCountry "TUR"]
[BlackFideId "6302599"]
[BlackEloChange "2"]

1. e4 {[%clk 1:30:54]} e5 {[%clk 1:30:53]} 2. Nf3 {[%clk 1:31:20]} Nc6 {[%clk
1:31:14]} 3. d4 {[%clk 1:31:39]} exd4 {[%clk 1:31:34]} 4. Bc4 {[%clk 1:31:59]}
Bc5 {[%clk 1:31:37]} 5. c3 {[%clk 1:31:00]} Nf6 {[%clk 1:31:55]} 6. e5 {[%clk
1:29:13]} d5 {[%clk 1:32:06]} 7. Bb5 {[%clk 1:29:38]} Ne4 {[%clk 1:32:26]} 8.
cxd4 {[%clk 1:29:52]} Bb6 {[%clk 1:32:33]} 9. Nc3 {[%clk 1:27:54]} O-O {[%clk
1:31:48]} 10. Be3 {[%clk 1:27:56]} Bg4 {[%clk 1:24:21]} 11. h3 {[%clk 1:27:52]}
Bh5 {[%clk 1:24:09]} 12. Qc2 {[%clk 1:22:57]} Bg6 {[%clk 1:15:45]} 13. Qb3 {[%clk
1:21:12]} Ne7 {[%clk 1:12:18]} 14. O-O {[%clk 1:16:33]} c6 {[%clk 1:06:58]} 15.
Bd3 {[%clk 1:04:15]} Nxc3 {[%clk 0:42:22]} 16. Qxc3 {[%clk 1:04:18]} Qd7 {[%clk
0:36:59]} 17. a4 {[%clk 0:50:53]} a5 {[%clk 0:35:48]} 18. Rfd1 {[%clk 0:49:25]}
Bxd3 {[%clk 0:23:43]} 19. Qxd3 {[%clk 0:48:28]} f5 {[%clk 0:22:26]} 20. exf6
{[%clk 0:40:57]} Rxf6 {[%clk 0:22:54]} 21. Bg5 {[%clk 0:41:02]} Rff8 {[%clk
0:22:50]} 22. Ne5 {[%clk 0:40:01]} Qc7 {[%clk 0:23:01]} 23. Re1 {[%clk 0:32:51]}
Nf5 {[%clk 0:22:44]} 24. Nf3 {[%clk 0:31:46]} h6 {[%clk 0:22:29]} 25. Bd2 {[%clk
0:28:25]} Qd6 {[%clk 0:20:56]} 26. Re2 {[%clk 0:26:51]} Qf6 {[%clk 0:15:28]} 27.
Bc3 {[%clk 0:26:20]} Nd6 {[%clk 0:14:55]} 28. Ne5 {[%clk 0:23:24]} Rad8 {[%clk
0:15:17]} 29. Ng4 {[%clk 0:19:49]} Qf5 {[%clk 0:14:37]} 30. Qg3 {[%clk 0:19:07]}
Qg6 {[%clk 0:14:14]} 31. Rae1 {[%clk 0:14:50]} Ne4 {[%clk 0:10:30]} 32. Qd3
{[%clk 0:13:20]} Qf5 {[%clk 0:10:26]} 33. Qc2 {[%clk 0:10:14]} Bc7 {[%clk
0:09:23]} 34. Qb3 {[%clk 0:04:40]} Rf7 {[%clk 0:09:25]} 35. f3 {[%clk 0:04:31]}
Ng3 {[%clk 0:06:10]} 36. Re8+ {[%clk 0:03:58]} Rxe8 {[%clk 0:06:39]} 37. Rxe8+
{[%clk 0:04:26]} Kh7 {[%clk 0:07:07]} 38. Qd1 {[%clk 0:03:55]} Nh5 {[%clk
0:03:49]} 39. Qe1 {[%clk 0:03:45]} Nf6 {[%clk 0:03:34]} 40. Nxf6+ {[%clk
0:31:58]} Qxf6 {[%clk 0:33:06]} 41. Qe6 {[%clk 0:18:20]} Qf4 {[%clk 0:31:45]} 42.
Kf1 {[%clk 0:15:26]} Qc1+ {[%clk 0:26:53]} 43. Qe1 {[%clk 0:11:42]} Qc2 {[%clk
0:26:32]} 44. Qe6 {[%clk 0:04:19]} Bg3 {[%clk 0:24:54]} 45. Be1 {[%clk 0:04:47]}
Bxe1 {[%clk 0:23:55]} 46. Kxe1 {[%clk 0:04:58]} Qc1+ {[%clk 0:20:58]} 47. Kf2
{[%clk 0:04:46]} Qd2+ {[%clk 0:21:01]} 48. Kg3 {[%clk 0:04:10]} Qf4+ {[%clk
0:21:17]} 49. Kf2 {[%clk 0:04:31]} Qxd4+ {[%clk 0:21:44]} 50. Kf1 {[%clk
0:04:36]} Qd1+ {[%clk 0:21:08]} 51. Kf2 {[%clk 0:04:10]} Qc2+ {[%clk 0:21:16]}
52. Kg1 {[%clk 0:04:11]} Qf5 {[%clk 0:18:05]} 53. Qe1 {[%clk 0:04:10]} Qg6 {[%clk
0:16:37]} 54. Kh1 {[%clk 0:04:18]} Rf4 {[%clk 0:15:58]} 55. Qe7 {[%clk 0:02:22]}
Qb1+ {[%clk 0:15:03]} 56. Kh2 {[%clk 0:02:51]} Qxb2 {[%clk 0:13:56]} 57. Qe6
{[%clk 0:02:57]} Qd4 {[%clk 0:12:20]} 58. Qg8+ {[%clk 0:03:03]} Kg6 {[%clk
0:12:49]} 59. Re6+ {[%clk 0:02:07]} Rf6 {[%clk 0:12:36]} 60. Re7 {[%clk 0:02:15]}
Qf4+ {[%clk 0:08:20]} 61. g3 {[%clk 0:01:48]} Qd2+ {[%clk 0:08:38]} 62. Kh1
{[%clk 0:01:35]} Qc1+ {[%clk 0:08:33]} 63. Kh2 {[%clk 0:01:54]} Qb2+ {[%clk
0:08:58]} 64. Kg1 {[%clk 0:01:45]} Rxf3 {[%clk 0:07:50]} 65. Qe6+ {[%clk
0:00:44]} Kh7 {[%clk 0:08:08]} 0-1

[Event "European Women's Championship"]
[Site "Vysoke Tatry"]
[Date "2018.04.12"]
[Round "5"]
[White "Cibickova, Zuzana"]
[Black "Ptacnikova, Lenka"]
[Result "1-0"]
[Board "47"]
[WhiteElo "2327"]
[WhiteTitle "WGM"]
[WhiteCountry "SVK"]
[WhiteFideId "14905779"]
[WhiteEloChange "6"]
[BlackElo "2198"]
[BlackTitle "WGM"]
[BlackCountry "ISL"]
[BlackFideId "305650"]
[BlackEloChange "-6"]

1. e4 {[%clk 1:30:57]} c5 {[%clk 1:30:53]} 2. Nf3 {[%clk 1:31:23]} e6 {[%clk
1:31:15]} 3. d4 {[%clk 1:31:49]} cxd4 {[%clk 1:31:43]} 4. Nxd4 {[%clk 1:32:16]}
a6 {[%clk 1:32:05]} 5. c4 {[%clk 1:32:41]} Nf6 {[%clk 1:32:00]} 6. Nc3 {[%clk
1:33:07]} d6 {[%clk 1:30:44]} 7. Be2 {[%clk 1:27:28]} Qc7 {[%clk 1:26:56]} 8. O-O
{[%clk 1:27:22]} Nbd7 {[%clk 1:27:15]} 9. f4 {[%clk 1:18:48]} Be7 {[%clk
1:19:32]} 10. Qd3 {[%clk 1:14:20]} O-O {[%clk 1:13:51]} 11. a3 {[%clk 1:11:08]}
b6 {[%clk 0:51:50]} 12. b4 {[%clk 1:11:14]} Bb7 {[%clk 0:51:50]} 13. Bb2 {[%clk
1:11:39]} Rac8 {[%clk 0:51:57]} 14. Rac1 {[%clk 1:12:04]} Qb8 {[%clk 0:49:17]}
15. g4 {[%clk 1:11:47]} Qa8 {[%clk 0:47:38]} 16. g5 {[%clk 1:11:56]} Nxe4 {[%clk
0:47:13]} 17. Qh3 {[%clk 1:12:18]} Rcd8 {[%clk 0:31:03]} 18. Bd3 {[%clk 0:57:47]}
e5 {[%clk 0:24:33]} 19. Rce1 {[%clk 0:48:45]} exd4 {[%clk 0:23:44]} 20. Nxe4
{[%clk 0:49:00]} g6 {[%clk 0:18:52]} 21. Bxd4 {[%clk 0:43:31]} Rfe8 {[%clk
0:17:16]} 22. Re3 {[%clk 0:39:20]} d5 {[%clk 0:16:05]} 23. Qxh7+ {[%clk 0:39:22]}
1-0